Statistics for US Cities: Only Consonants

Click here to take the quiz!

General Stats

  • This quiz has been taken 41 times
  • The average score is 25 of 28

Answer Stats

ConsonantsCity% Correct
PRTLNDPortland
100%
BSTNBoston
97%
LSNGLSLos Angeles
97%
NWYRKNew York
97%
PHLDLPHPhiladelphia
97%
PHNXPhoenix
97%
SNFRNCSCSan Francisco
97%
DLLSDallas
95%
HSTNHouston
95%
JCKSNVLLJacksonville
95%
NSHVLLNashville
95%
WSHNGTNDCWashington DC
95%
BLTMRBaltimore
92%
CHCGChicago
92%
DTRTDetroit
92%
LSVGSLas Vegas
92%
DNVRDenver
90%
SNJSSan Jose
90%
MMMiami
87%
SNDGSan Diego
87%
LBQRQAlbuquerque
85%
KLHMCTYOklahoma City
85%
STTLSeattle
85%
SNNTNSan Antonio
79%
KLNDOakland
77%
STNAustin
72%
HNLLHonolulu
67%
RLNDOrlando
67%

Score Distribution

Percentile by Number Answered

Percent of People with Each Score

Your Score History

You have not taken this quiz